MARC details
| 000 -LÍDER |
| campo de controle de tamanho fixo |
01583nam a2200325 4500 |
| 001 - NÚMERO DE CONTROLE |
| campo de controle |
236 |
| 003 - IDENTIFICADOR DO NÚMERO DE CONTROLE |
| campo de controle |
OSt |
| 005 - DATA E HORÁRIO DA ÚLTIMA TRANSAÇÃO |
| campo de controle |
20250528074015.0 |
| 008 - CAMPO DE DADOS FIXOS--INFORMAÇÃO GERAL |
| campo de controle de tamanho fixo |
250205b |||||||g |||| 00| 1 eng d |
| 020 ## - ISBN - INTERNATIONAL STANDARD BOOK NUMBER |
| ISBN - International Standard Book Number |
9788580415513 |
| 040 ## - FONTE DA CATALOGAÇÃO |
| Idioma da catalogação |
por |
| 041 ## - CÓDIGO DE IDIOMA |
| Código do idioma do original e/ou traduções intermediárias do texto |
eng |
| Código do idioma do texto/trilha sonora ou título diferente |
por |
| 082 ## - CDD - CLASSIFICAÇÃO DECIMAL DE DEWEY |
| Número de Classificação |
813 |
| Número do exemplar |
F299m |
| 100 ## - ENTRADA PRINCIPAL--NOME PESSOAL |
| Nome pessoal |
Feist, Raymond E. |
| Datas associadas ao nome |
1945- |
| 9 (RLIN) |
441 |
| 240 ## - TÍTULO UNIFORME |
| Título uniforme |
Magician: master |
| 245 ## - TÍTULO |
| Título |
Mago: |
| Restante do título |
Mestre / |
| Indicação de responsabilidade, etc. |
Feist, Raymond E. ; Tradução de Cristina Correia |
| 260 ## - PUBLICAÇÃO, DISTRIBUIÇÃO, ETC. |
| Local de publicação, distribuição, etc. |
São Paulo |
| Nome do editor, distribuidor, etc. |
Arqueiro |
| Data da publicação, distribuição, etc. |
2016 |
| 300 ## - DESCRIÇÃO FÍSICA |
| Extensão |
415 p. |
| 490 1# - TÍTULO DA SÉRIE |
| Título da série |
A saga do Mago |
| Número do volume ou designação sequencial da série |
Livro 02 |
| 520 ## - NOTA DE RESUMO, ETC. |
| Resumo, etc. |
Passaram-se três anos desde o terrível cerco a Crydee. Os três rapazes que eram melhores amigos se encontram agora a quilômetros de distância uns dos outros. Pug, um escravo dos tsurani, está prestes a se tornar um dos maiores magos que já existiram. Tomas, um grande guerreiro entre os elfos, arrisca-se a perder sua humanidade para a armadura encantada que veste. Arutha, Príncipe de Crydee, luta desesperadamente contra invasores e traidores para salvar seu reino.<br/><br/>Mestre, segundo livro da série A Saga do Mago, é recheado de aventura, emoção e ameaças tão antigas quanto o próprio tempo. Nele, Raymond E. Feist volta a provar que é um dos maiores nomes da literatura fantástica contemporânea. |
| 650 #0 - ASSUNTO--TERMO TÓPICO |
| Cabeçalho tópico ou nome geográfico |
Literatura Americana |
| 9 (RLIN) |
84 |
| 650 #0 - ASSUNTO--TERMO TÓPICO |
| Cabeçalho tópico ou nome geográfico |
Fantasia |
| 9 (RLIN) |
45 |
| 650 #0 - ASSUNTO--TERMO TÓPICO |
| Cabeçalho tópico ou nome geográfico |
Aventura |
| 9 (RLIN) |
47 |
| 650 #0 - ASSUNTO--TERMO TÓPICO |
| Cabeçalho tópico ou nome geográfico |
Seres mágicos |
| 9 (RLIN) |
46 |
| 655 #0 - TERMO DE ÍNDICE--GÊNERO E FORMA |
| Gênero/forma/ou termo foco |
Romance |
| 655 #0 - TERMO DE ÍNDICE--GÊNERO E FORMA |
| Gênero/forma/ou termo foco |
Ficção |
| 700 ## - ENTRADA ADICIONADA - NOME PESSOAL |
| Nome pessoal |
Cristina Correia |
| Função do autor por extenso |
Tradutor |
| 9 (RLIN) |
442 |
| 830 ## - ENTRADA SECUNDÁRIA DE SÉRIE--TÍTULO UNIFORME |
| Título uniforme |
A saga do Mago |
| Número do volume ou designação sequencial da série |
Livro 02 |
| 9 (RLIN) |
443 |
| 942 ## - ELEMENTOS DE ENTRADA ADICIONADOS (KOHA) |
| Fonte de classificação ou esquema de arquivamento |
Classificação decimal de Dewey |
| Ocultar no OPAC |
Não |
| Tipo de material Koha |
Livros |